| 000 -LEADER |
| fixed length control field |
00429nam a2200169Ia 4500 |
| 003 - CONTROL NUMBER IDENTIFIER |
| control field |
OSt |
| 005 - DATE AND TIME OF LATEST TRANSACTION |
| control field |
20220316144641.0 |
| 008 - FIXED-LENGTH DATA ELEMENTS--GENERAL INFORMATION |
| fixed length control field |
220308s9999 xx 000 0 und d |
| 020 ## - INTERNATIONAL STANDARD BOOK NUMBER |
| International Standard Book Number |
9788412003475 |
| 082 ## - DEWEY DECIMAL CLASSIFICATION NUMBER |
| Classification number |
720.922 |
| 100 ## - MAIN ENTRY--PERSONAL NAME |
| Personal name |
Rimadesio |
| 245 #0 - TITLE STATEMENT |
| Title |
Sanaa [I] : 2015 2020 : obra construida : built work : Kazuyo Sejima, Ryue Nishizawa |
| 260 ## - PUBLICATION, DISTRIBUTION, ETC. (IMPRINT) |
| Name of publisher, distributor, etc |
EL.Croquies, 2021 |
| 365 ## - TRADE PRICE |
| Price type code |
EUR |
| 365 ## - TRADE PRICE |
| Unit of pricing |
80.3 |
| 942 ## - ADDED ENTRY ELEMENTS (KOHA) |
| Source of classification or shelving scheme |
|